| 000 | 00944cam a2200301 i 4500 | ||
|---|---|---|---|
| 999 |
_c200130999 _d1897 |
||
| 001 | 200130999 | ||
| 003 | TR-AnTOB | ||
| 005 | 20231215140445.0 | ||
| 008 | 140122b tu 000 0 | ||
| 040 |
_aTR-AnTOB _beng _cTR-AnTOB _erda |
||
| 041 | 0 | _atur | |
| 050 | 0 | 0 |
_aHD9030.4 _b.H83 2013 |
| 090 | _aHD9030.4 .H83 2013 | ||
| 245 | 0 | 0 |
_aHububat raporu, 2012 / _cToprak Mahsülleri Ofisi Genel Müdürlüğü. |
| 246 | 2 | _a2012 yılı hububat raporu. | |
| 264 | 1 |
_aAnkara : _bTMO, _c2013. |
|
| 300 |
_avii, 176 pages : _billustrations ; _c24 cm |
||
| 336 |
_atext _2rdacontent |
||
| 337 |
_aunmediated _2rdamedia |
||
| 338 |
_avolume _2rdacarrier |
||
| 650 | 0 |
_aGrain trade _zTurkey _994587 |
|
| 650 | 7 |
_aTahıl ticareti _zTürkiye _2etuturkob _994588 |
|
| 650 | 0 |
_aGrain _zTurkey _994589 |
|
| 650 | 7 |
_aTahıl _zTürkiye _2etuturkob _994590 |
|
| 710 | 2 |
_aToprak Mahsulleri Ofisi Genel Müdürlüğü _965699 |
|
| 942 |
_cBK _2lcc |
||